[Event "Noisiel op 5th"]
[Site "Noisiel"]
[Date "2020.02.20"]
[Round "9"]
[White "Galan, Francois"]
[Black "Olivier, Philippe"]
[Result "1/2-1/2"]
[WhiteElo "2025"]
[BlackElo "1919"]
[PlyCount "121"]
[EventDate "2020.02.15"]
[EventType "swiss"]
[EventRounds "9"]
[EventCountry "FRA"]
[SourceTitle "CBM 195 Extra"]
[Source "ChessBase"]
[SourceDate "2020.05.31"]
[SourceVersion "1"]
[SourceVersionDate "2020.05.31"]
[SourceQuality "1"]

1. c4 g6 2. g3 Bg7 3. Bg2 d6 4. Nc3 Nc6 5. e3 e5 6. Nge2 Be6 7. Nd5 Qd7 8. d3 Nd8 9. h4 h5 10. b3 c6 11. Ndc3 Nh6 12. Ba3 f5 13. Rc1 Rb8 14. d4 Bg8 15. dxe5 dxe5 16. Qc2 Be6 17. 0-0 Kf7 18. Rfd1 Qc8 19. Bd6 Ra8 20. Na4 Re8 21. Nc5 Kg8 22. Nxe6 Nxe6 23. Ba3 Nf7 24. Nc3 Qc7 25. Na4 b6 26. b4 Rad8 27. b5 e4 28. Bb2 cxb5 29. Rxd8 Rxd8 30. cxb5 Qxc2 31. Rxc2 Bxb2 32. Nxb2 Ne5 33. Bf1 Nf3+ 34. Kh1 Nc5 35. Be2 Ne1 36. Rc1 Rd2 37. Rxe1 Rxb2 38. Kg1 Kf8 39. Bc4 Rc2 40. Bb3 Rd2 41. Bc4 Ke7 42. Rc1 Kf6 43. Kf1 Nd3 44. Bxd3 exd3 45. a4 Ke5 46. Rc4 Rd1+ 47. Kg2 Ra1 48. Rd4 Ra3 49. Kf3 d2 50. Ke2 Ra2 51. Kd1 Ke6 52. f3 Ke5 53. Rb4 Kd5 54. Rd4+ Kc5 55. g4 Rb2 56. gxf5 gxf5 57. Rf4 Ra2 58. Rd4 Rb2 59. Rf4 Ra2 60. Rd4 Rb2 61. Rf4 1/2-1/2

[Event "Paris-ch op-A"]
[Site "Paris"]
[Date "2010.07.05"]
[Round "3"]
[White "Bellaiche, Laurent"]
[Black "Olivier, Philippe"]
[Result "0-1"]
[WhiteElo "1860"]
[BlackElo "2029"]
[PlyCount "50"]
[EventDate "2010.07.03"]
[EventType "swiss"]
[EventRounds "9"]
[EventCountry "FRA"]
[SourceTitle "CBM 137 Extra"]
[Source "ChessBase"]
[SourceDate "2010.09.01"]
[SourceVersion "1"]
[SourceVersionDate "2010.09.01"]
[SourceQuality "1"]

1. Nf3 g6 2. d4 Nf6 3. b3 Bg7 4. Bb2 d6 5. d5 0-0 6. c4 c5 7. Nfd2 e6 8. dxe6 fxe6 9. h3 Ng4 10. Bxg7 Nxf2 11. Qc2 Kxg7 12. Rg1 e5 13. Nf3 Bf5 14. e4 Nxe4 15. g4 Ng5 16. Nxg5 Qxg5 17. Qg2 Qc1+ 18. Ke2 Bxb1 19. Qxb7+ Rf7 20. Qxa8 Qb2+ 21. Ke1 Qc3+ 22. Kd1 Bc2+ 23. Ke2 Bd3+ 24. Ke3 Bxf1+ 25. Ke4 Qd4# 0-1

[Event "Paris-ch op-A"]
[Site "Paris"]
[Date "2010.07.04"]
[Round "2"]
[White "Olivier, Philippe"]
[Black "Santamaria, Jorge"]
[Result "0-1"]
[WhiteElo "2029"]
[BlackElo "2157"]
[PlyCount "64"]
[EventDate "2010.07.03"]
[EventType "swiss"]
[EventRounds "9"]
[EventCountry "FRA"]
[SourceTitle "CBM 137 Extra"]
[Source "ChessBase"]
[SourceDate "2010.09.01"]
[SourceVersion "1"]
[SourceVersionDate "2010.09.01"]
[SourceQuality "1"]

1. e4 c6 2. d4 d5 3. exd5 cxd5 4. Bd3 Nc6 5. c3 g6 6. Bf4 Bg7 7. Nf3 Nh6 8. Qd2 Nf5 9. h3 f6 10. g4 Nd6 11. Qc2 Nf7 12. Bg3 e5 13. dxe5 fxe5 14. Nh4 e4 15. Be2 0-0 16. 0-0 Ng5 17. Kg2 d4 18. Bc4+ Kh8 19. Nd2 d3 20. Qd1 Na5 21. Qe1 Nxc4 22. Nxc4 Be6 23. Ne5 Kg8 24. f4 exf3+ 25. Nhxf3 Bd5 26. c4 Nxf3 27. Nxf3 Bc6 28. Qe6+ Kh8 29. Be5 Qe8 30. Bxg7+ Kxg7 31. Qxe8 Raxe8 32. Kg3 Re3 0-1

[Event "Paris-ch"]
[Site "Paris"]
[Date "2006.07.12"]
[Round "8"]
[White "Olivier, Philippe"]
[Black "Gidel, Jean Louis"]
[Result "0-1"]
[WhiteElo "2119"]
[BlackElo "2173"]
[PlyCount "66"]
[EventDate "2006.07.08"]
[EventType "swiss"]
[EventRounds "9"]
[EventCountry "FRA"]
[SourceTitle "EXT 2007"]
[Source "ChessBase"]
[SourceDate "2006.11.23"]
[SourceVersion "1"]
[SourceVersionDate "2006.11.23"]
[SourceQuality "1"]

1. e4 g6 2. d4 Bg7 3. Nc3 c6 4. f4 d5 5. e5 Nh6 6. Be3 f6 7. Nf3 0-0 8. Be2 Bg4 9. 0-0 Nd7 10. Qe1 Nf5 11. Bf2 fxe5 12. Nxe5 Nxe5 13. fxe5 Bxe2 14. Qxe2 e6 15. g4 Nh4 16. Bg3 Qg5 17. Kh1 h5 18. Rf2 hxg4 19. Bxh4 Qxh4 20. Raf1 Rf5 21. Rxf5 gxf5 22. Qf2 Qxf2 23. Rxf2 Kf7 24. Kg2 Rh8 25. Ne2 Bh6 26. c3 Be3 27. Rf1 Kg6 28. b3 Kg5 29. c4 f4 30. Kh1 f3 31. Ng1 Bxd4 32. cxd5 cxd5 33. Rxf3 Rxh2+ 0-1

[Event "Le Touquet op 18th"]
[Site "Le Touquet"]
[Date "2003.10.26"]
[Round "1"]
[White "Olivier, Philippe"]
[Black "Gurevich, Vladimir"]
[Result "0-1"]
[WhiteElo "2135"]
[BlackElo "2425"]
[PlyCount "68"]
[EventDate "2003.10.26"]
[EventType "swiss"]
[EventRounds "9"]
[EventCountry "FRA"]
[SourceTitle "EXT 2004"]
[Source "ChessBase"]
[SourceDate "2003.11.25"]
[SourceVersion "1"]
[SourceVersionDate "2003.11.25"]
[SourceQuality "1"]

1. e4 c5 2. Nf3 d6 3. Bb5+ Bd7 4. Bxd7+ Qxd7 5. c4 Nc6 6. d4 cxd4 7. Nxd4 Nf6 8. Nc3 e6 9. Be3 Be7 10. Qe2 0-0 11. 0-0 a6 12. Rfd1 Qc7 13. Rac1 Rac8 14. b3 Rfe8 15. h3 Bf8 16. Qd2 Qb8 17. Bg5 Be7 18. a4 h6 19. Bxf6 Bxf6 20. Nde2 Red8 21. Qe3 Kh7 22. Qg3 Qa7 23. Kh1 Qc5 24. f4 Qh5 25. Qg4 Qxg4 26. hxg4 Na5 27. Rb1 Rc6 28. Rd3 Rb6 29. Rbd1 Bxc3 30. Nxc3 Rc8 31. Rxd6 Rxb3 32. R1d3 Rxc4 33. Ne2 Rxd3 34. Rxd3 Rxe4 0-1

[Event "Paris Apsap op 56th"]
[Site "Paris"]
[Date "2002.10.30"]
[Round "5"]
[White "Olivier, Philippe"]
[Black "Jessel, Stephen"]
[Result "0-1"]
[WhiteElo "2125"]
[BlackElo "2079"]
[PlyCount "64"]
[EventDate "2002.11.05"]
[EventType "swiss"]
[EventRounds "9"]
[EventCountry "FRA"]
[SourceTitle "CBM 091 Extra"]
[Source "ChessBase"]
[SourceDate "2003.01.09"]
[SourceVersion "1"]
[SourceVersionDate "2003.01.09"]
[SourceQuality "1"]

1. e4 e6 2. d4 d5 3. Nc3 Nf6 4. e5 Nfd7 5. f4 c5 6. Nf3 Nc6 7. Be3 a6 8. dxc5 Nxc5 9. Nd4 Be7 10. Qd2 0-0 11. 0-0-0 Nxd4 12. Bxd4 b5 13. Qf2 Qc7 14. Bd3 b4 15. Ne2 a5 16. Kb1 a4 17. b3 Ba6 18. Nc1 Bxd3 19. Nxd3 Ne4 20. Qe1 axb3 21. cxb3 Rxa2 22. Rc1 Qa5 23. Bb2 Ra8 24. Kc2 Qa6 25. Qe3 Bc5 26. Nxc5 Rxb2+ 27. Kd1 Nxc5 28. Rxc5 d4 29. Qf3 Rb1+ 30. Rc1 Rxc1+ 31. Kxc1 Qa1+ 32. Kd2 Ra2+ 0-1

[Event "Paris Apsap op 56th"]
[Site "Paris"]
[Date "2002.10.28"]
[Round "3"]
[White "Olivier, Philippe"]
[Black "Vlahovic, Dimitri"]
[Result "0-1"]
[WhiteElo "2125"]
[BlackElo "2017"]
[PlyCount "134"]
[EventDate "2002.11.05"]
[EventType "swiss"]
[EventRounds "9"]
[EventCountry "FRA"]
[SourceTitle "CBM 091 Extra"]
[Source "ChessBase"]
[SourceDate "2003.01.09"]
[SourceVersion "1"]
[SourceVersionDate "2003.01.09"]
[SourceQuality "1"]

1. e4 c6 2. d4 d5 3. exd5 cxd5 4. Bd3 Nf6 5. c3 Nc6 6. Bf4 g6 7. Nf3 Bg4 8. Nbd2 Bg7 9. Qb3 Bc8 10. 0-0 0-0 11. Rae1 e6 12. a4 Na5 13. Qa3 b6 14. Ne5 Nd7 15. Bb5 Nxe5 16. Bxe5 Bxe5 17. dxe5 a6 18. Bd3 Bb7 19. Nf3 Qc7 20. Nd4 Rfc8 21. f4 Qc5 22. Qxc5 bxc5 23. Ne2 c4 24. Bc2 Bc6 25. Ra1 Rab8 26. Rfb1 Be8 27. Nd4 Rb6 28. Kf2 Rcb8 29. Ra2 Kg7 30. Ke3 Bd7 31. g3 Nc6 32. a5 Nxd4 33. Kxd4 Rb5 34. Bd1 h5 35. h3 Be8 36. Bc2 Rc8 37. Rba1 Rb7 38. Rb1 Rcb8 39. Kc5 Kf8 40. Kd4 Ke7 41. g4 hxg4 42. hxg4 Bd7 43. f5 exf5 44. gxf5 gxf5 45. Kxd5 Rd8 46. Kc5 Be6 47. Ba4 Bd5 48. Re1 Ke6 49. Re2 Rbb8 50. Ra1 Rdc8+ 51. Kd4 Rd8 52. Kc5 Rbc8+ 53. Kb4 Be4 54. Rae1 Rb8+ 55. Ka3 Rd5 56. b4 Rbd8 57. Bc6 Rd3 58. Bxe4 Rxc3+ 59. Ka2 fxe4 60. Rxe4 Rd2+ 61. Kb1 Rcc2 62. Rh4 c3 63. Rc4 Rb2+ 64. Kc1 Rdc2+ 65. Kd1 Ra2 66. Rc6+ Ke7 67. Rc7+ Kd8 0-1